The client centred approach: developing expert systems for the construction industry: final report of the research project supported by the Royal Institution of Chartered Surveyors, the Department of Trade and Industry and the Science and Engineering Research Council. (Record no. 94246)

MARC details
000 -LEADER
fixed length control field 01236cam a2200337 4500
008 - FIXED-LENGTH DATA ELEMENTS--GENERAL INFORMATION
fixed length control field 090401t1994 xxu||||| |||| 00| 0 eng d
020 ## - INTERNATIONAL STANDARD BOOK NUMBER
International Standard Book Number 0854066551
035 ## - SYSTEM CONTROL NUMBER
System control number (Sirsi) u60645
041 ## - LANGUAGE CODE
Language code of text/sound track or separate title eng
050 ## - LIBRARY OF CONGRESS CALL NUMBER
Classification number 690.0285
090 ## - LOCALLY ASSIGNED LC-TYPE CALL NUMBER (OCLC); LOCAL CALL NUMBER (RLIN)
Classification number (OCLC) (R) ; Classification number, CALL (RLIN) (NR) RICS 1994/48ABCD
100 ## - MAIN ENTRY--PERSONAL NAME
Personal name Watson, Ian
245 #4 - TITLE STATEMENT
Title The client centred approach: developing expert systems for the construction industry: final report of the research project supported by the Royal Institution of Chartered Surveyors, the Department of Trade and Industry and the Science and Engineering Research Council.
260 ## - PUBLICATION, DISTRIBUTION, ETC.
Place of publication, distribution, etc. London
Name of publisher, distributor, etc. RICS
Date of publication, distribution, etc. 1994
300 ## - PHYSICAL DESCRIPTION
Extent (68)p. ; 30cm.
350 ## - PRICE (NR) (BK AM CF MU VM SE) [OBSOLETE]
Price 14.95
650 ## - SUBJECT ADDED ENTRY--TOPICAL TERM
Topical term or geographic name entry element BUILDING INDUSTRY
650 ## - SUBJECT ADDED ENTRY--TOPICAL TERM
Topical term or geographic name entry element CONSTRUCTION INDUSTRY
650 ## - SUBJECT ADDED ENTRY--TOPICAL TERM
Topical term or geographic name entry element DEPARTMENT OF TRADE AND INDUSTRY
650 ## - SUBJECT ADDED ENTRY--TOPICAL TERM
Topical term or geographic name entry element EDESIRL PROJECT
650 ## - SUBJECT ADDED ENTRY--TOPICAL TERM
Topical term or geographic name entry element EVOLUTIONARY DEVELOPMENT OF EXPERT SYSTEMS IN REAL LIFE
650 ## - SUBJECT ADDED ENTRY--TOPICAL TERM
Topical term or geographic name entry element EXPERT SYSTEMS
650 ## - SUBJECT ADDED ENTRY--TOPICAL TERM
Topical term or geographic name entry element SCIENCE AND ENGINEERING RESEARCH COUNCIL
650 ## - SUBJECT ADDED ENTRY--TOPICAL TERM
Topical term or geographic name entry element UNIVERSITY OF SALFORD
690 ## - LOCAL SUBJECT ADDED ENTRY--TOPICAL TERM (OCLC, RLIN)
Topical term or geographic name as entry element MANAGEMENT-BUSINESS MANAGEMENT-INFORMATION MANAGEMENT
700 ## - ADDED ENTRY--PERSONAL NAME
Personal name Brandon, Peter
700 ## - ADDED ENTRY--PERSONAL NAME
Personal name Basden, Andrew
710 ## - ADDED ENTRY--CORPORATE NAME
Corporate name or jurisdiction name as entry element Royal Institution of Chartered Surveyors
9 (RLIN) 4900
942 ## - ADDED ENTRY ELEMENTS (KOHA)
Suppress in OPAC 0
948 ## - LOCAL PROCESSING INFORMATION (OCLC); SERIES PART DESIGNATOR (RLIN)
c (OCLC) 04/03/1997
Holdings
Withdrawn status Lost status Source of classification or shelving scheme Damaged status Not for loan Home library Current library Shelving location Date acquired Cost, normal purchase price Total Checkouts Full call number Barcode Date last seen Copy number Cost, replacement price Price effective from Koha item type Date last checked out
    Dewey Decimal Classification     London London RICS Boxes 26/09/1994 14.95   RICS 1994/48 30042611 06/08/2019 1 14.95 06/08/2019 Archive  
    Dewey Decimal Classification     London London RICS Boxes 26/09/1994 14.95 1 RICS 1994/48 30042612 06/08/2019 2 14.95 06/08/2019 Reference material 22/11/1999
    Dewey Decimal Classification     London London RICS Boxes 26/09/1994 14.95 1 RICS 1994/48 30042614 06/08/2019 3 14.95 06/08/2019 Book 22/11/1999